000 00922pam a2200241 a 4500
001 4888836
005 20180202094716.0
008 930722s1994 nyua b 001 0 eng
010 _a 93029732
020 _a0471592439 (acidfree paper) :
_c$49.95
040 _aDLC
_cDLC
_dDLC
041 _aeng
080 _a510.2855133 SCO
082 0 0 _a510.2855133 SCO
_220
100 1 _a30
101 _aMAT
245 1 0 _aC++ math class library :
_cScott N. Gerard.
504 _aIncludes bibliographical references (p. [323]-324) and index.
740 0 _aC plus plus math class library.
906 _a7
_bcbc
_corignew
_d1
_eocip
_f19
_gy-gencatlg
942 _2ddc
_cBK
999 _c41708
_d41708